The Lottie project / (Record no. 8196)

MARC details
000 -LEADER
fixed length control field 01291cam a2200397 a 4500
001 - CONTROL NUMBER
control field 8196
003 - CONTROL NUMBER IDENTIFIER
control field FISKH
005 - DATE AND TIME OF LATEST TRANSACTION
control field 20250902082450.0
008 - FIXED-LENGTH DATA ELEMENTS--GENERAL INFORMATION
fixed length control field 990107r19991997nyu c 000 1 eng
010 ## - LIBRARY OF CONGRESS CONTROL NUMBER
LC control number 99011465
020 ## - INTERNATIONAL STANDARD BOOK NUMBER
International Standard Book Number 0385327188
020 ## - INTERNATIONAL STANDARD BOOK NUMBER
International Standard Book Number 9780440863663
020 ## - INTERNATIONAL STANDARD BOOK NUMBER
International Standard Book Number 9780385327183
035 ## - SYSTEM CONTROL NUMBER
System control number 1212092
040 ## - CATALOGING SOURCE
Original cataloging agency DLC
Transcribing agency DLC
Modifying agency DLC
Language of cataloging eng
050 00 - LIBRARY OF CONGRESS CALL NUMBER
Classification number PZ7.W6957
Item number Lo 1999
082 ## - DEWEY DECIMAL CLASSIFICATION NUMBER
Classification number 823.914
100 1# - MAIN ENTRY--PERSONAL NAME
Personal name Wilson, Jacqueline.
245 14 - TITLE STATEMENT
Title The Lottie project /
Statement of responsibility, etc. Jacqueline Wilson ; illustrations by Nick Sharratt.
260 ## - PUBLICATION, DISTRIBUTION, ETC.
Place of publication, distribution, etc. New York :
Name of publisher, distributor, etc. Delacorte Press,
Date of publication, distribution, etc. 1999.
300 ## - PHYSICAL DESCRIPTION
Extent 203 pages :
Other physical details 20 cm
336 ## - CONTENT TYPE
Content type term text
Content type code txt
Source rdacontent
337 ## - MEDIA TYPE
Media type term unmediated
Media type code n
Source rdamedia
338 ## - CARRIER TYPE
Carrier type term volume
Carrier type code nc
Source rdacarrier
505 ## - FORMATTED CONTENTS NOTE
Formatted contents note R<br/>
520 ## - SUMMARY, ETC.
Summary, etc. Starting a new school year, everything is "easy-peasy, simple-pimple" for Charlie until her strict teacher assigns a tough school project and Charlie's mother loses her job.
521 8# - TARGET AUDIENCE NOTE
Target audience note 780<br/>
Source Lexile<br/>
521 8# - TARGET AUDIENCE NOTE
Target audience note R<br/>
Source Raz-Plus<br/>
650 #1 - SUBJECT ADDED ENTRY--TOPICAL TERM
Topical term or geographic name entry element Mothers and daughters
General subdivision Fiction.
650 #1 - SUBJECT ADDED ENTRY--TOPICAL TERM
Topical term or geographic name entry element Single-parent families
General subdivision Fiction.
650 #1 - SUBJECT ADDED ENTRY--TOPICAL TERM
Topical term or geographic name entry element Schools
General subdivision Fiction.
700 1# - ADDED ENTRY--PERSONAL NAME
Personal name Sharratt, Nick,
Relator term illustrator
906 ## - LOCAL DATA ELEMENT F, LDF (RLIN)
a 7
b cbc
c orignew
d 1
e ocip
f 19
g y-gencatlg
942 ## - ADDED ENTRY ELEMENTS (KOHA)
Source of classification or shelving scheme Dewey Decimal Classification
Koha item type Books
Suppress in OPAC No
Holdings
Withdrawn status Lost status Source of classification or shelving scheme Damaged status Not for loan Collection Home library Current library Shelving location Date acquired Total Checkouts Full call number Barcode Date last seen Copy number Price effective from Koha item type
    Dewey Decimal Classification     Juvenile Fiction Footprints International School Library Network Toul Kork Campus Footprints International School Library Network Toul Kork Campus TK Primary Library Room(4th Floor), Bookcase 5&6, Shelves 33-56, Orange Books 09/02/2025   WIL 823.914 PZ7.W6957 L FISTKG5B030 09/02/2025 1 09/02/2025 Books